000 00330nam a2200133Ia 4500
008 230524s9999 xx 000 0 und d
020 _a9788122300604
100 _aHarry Larayne
245 0 _aSecrets of Mind Power
260 _bPustak Mahal
500 _aQuantity Number: 2
650 _aPersonality Development
942 _cBK
999 _c50665
_d50665